006110000a22001330004500090001700000245018900017041001400206700003800220700003800258100003700296942001300333773011400346999001700460 aASbSeriadas10aEstudio preliminar de la ultraestructura de la pared del ovario y de folículos previtelogénicos y vitelogénicos tempranos de caimán Crocodilus fuscus ()0 aEspañol1 aRamírez, Martha Patricia9991851 aCalderón, Martha Lucía9991861 aRomero de Pérez, Gloria920584 cARTICULO1 tRevista de la Academia Colombiana de Ciencias Exactas, Fisicas y Naturales332hSupl. Esp.q453-464d1999g23 c14290d14290